Beginning monologue of HTTYD - Statistics

General Stats
  • This quiz has been taken 14 times
  • The average score is 203 of 319
Answer Stats
Answer % Correct
be
100%
Berk.
100%
freezing
100%
I
100%
is
100%
no
100%
No
100%
of
100%
so
100%
south
100%
This
100%
this
100%
a
86%
A
86%
but,
86%
But,
86%
But
86%
Death.
86%
degrees
86%
dragon
86%
dragons.
86%
dragon's
86%
have
86%
have...
86%
leave.
86%
most
86%
Most
86%
north
86%
Not
86%
not
86%
people
86%
to
86%
us.
86%
Viking
86%
vikings.
86%
Vikings
86%
We
86%
We're
86%
would
86%
and
71%
And
71%
and...
71%
are
71%
Astrid.
71%
do
71%
Do
71%
do.
71%
few
71%
I'm
71%
it?
71%
it
71%
located
71%
me
71%
mice
71%
My
71%
on
71%
pests.
71%
Stoick
71%
the
71%
The
71%
the-
71%
Vast.
71%
at
57%
baby,
57%
Because,
57%
believe
57%
call
57%
Chief
57%
clean
57%
day,
57%
down
57%
ever
57%
fire.
57%
first.
57%
Fishlegs,
57%
food,
57%
for
57%
Fury.
57%
get
57%
girlfriend.
57%
go
57%
Gobber.
57%
gonna
57%
has
57%
he
57%
head
57%
here
57%
here.
57%
Hiccup.
57%
his
57%
Hopeless,
57%
I'll
57%
In
57%
It's
57%
it's
57%
its
57%
itself,
57%
killed
57%
know.
57%
Like
57%
Meridian
57%
misses.
57%
Monstrous
57%
more
57%
name,
57%
name
57%
need
57%
never
57%
new.
57%
new
57%
Night
57%
Nightmare.
57%
off
57%
One
57%
one
57%
only
57%
Only
57%
or
57%
our
57%
out
57%
problems
57%
Ruffnut
57%
say
57%
see,
57%
See?
57%
seen.
57%
shows
57%
Snotlout,
57%
steals
57%
that.
57%
that
57%
That's
57%
that's
57%
their
57%
then,
57%
there.
57%
there's
57%
They
57%
thing
57%
those
57%
those.
57%
tribe.
57%
Tuffnut,
57%
Twins,
57%
Two
57%
village.
57%
village,
57%
was
57%
Well...
57%
when
57%
why
57%
will
57%
with
57%
worst.
57%
wouldn't
57%
yes,
57%
You
57%
you
57%
after
43%
apprentice
43%
around
43%
been
43%
best
43%
building
43%
charming
43%
cooler.
43%
definitely
43%
demeanor
43%
every
43%
everything
43%
generations,
43%
gnomes
43%
Great
43%
Gronckles
43%
habit
43%
hands
43%
heads,
43%
hideous
43%
houses.
43%
hunting,
43%
issues.
43%
I've
43%
job
43%
killing
43%
least
43%
little.
43%
littler.
43%
lots
43%
Misery.
43%
much
43%
Nadder
43%
name's
43%
nasty
43%
noticed.
43%
Oh,
43%
Old
43%
Parents
43%
places
43%
popped
43%
prize
43%
setting
43%
seven
43%
shoulders.
43%
since
43%
single
43%
solidly
43%
status.
43%
stubbornness
43%
sturdy.
43%
sure
43%
Taking
43%
themselves
43%
tough.
43%
trolls.
43%
twice
43%
ultimate
43%
view
43%
word,
43%
Zippleback?
43%
attitude
29%
days
29%
Exotic.
29%
fishing,
29%
frighten
29%
interchangeable
29%
meathead
29%
mosquitoes.
29%
sunsets.
29%
twelve
29%
No matching quizzes found
Score Distribution
Percent of People with Each Score
Percentile by Number Answered
Your Score History
You have not taken this quiz